000 00451nam a2200181Ia 4500
001 18625
005 20260306171644.0
008 260306s9999||||xx |||||||||||||| ||und||
041 _aESP
082 _a658.4092
_bJ419
100 _aJaworski, Joseph
_eAUT
245 0 _aSincronicidad:
_bel camino interior hacia el liderazgo
260 _c2015
300 _a326 páginas :
_c21 cm.
650 _aGEN
654 _aCAN
942 _cLIB
_dJUS
_fJUS
_2ddc
_n
999 _c18625
_d18625